000 00546nam a2200205Ia 4500
005 20240307111614.0
008 131103s9999 xx 000 0 und d
040 _aLoreto College
041 _aEnglish
082 _a371.3
_bCHA
100 _aChauhan,S.S.
245 _aInnovations In Teaching-Learning Process,
_cS.S.Chauhan
250 _a2nd rev.ed.
260 _aDelhi
_bVikas Publishing
_c1983
300 _aviii,190 p.
504 _aReprint 1994
650 _aMethods of Instruction And Study
850 _aLCLIB
942 _cBK
999 _c10563
_d61042